000 00678nam a22002177a 4500
003 UA-OsUOA
001 37769
007 ta
008 20060405b un ||||| |||| 00| 0 ukr d
100 _aГращенкова А.Э.
090 _a81
_bГ11
942 _cSA
040 _aUA-OsUOA
_brus
_cUA-OsUOA
_dUA-OsUOA
245 _aРефлексивы в группе прилагательного: теоретические проблемы и типология
300 _aС.76-102
955 _a0
041 _arus
080 _a81
773 0 _w37768
650 7 _a8 Мовознавство. Художня література. Літературознавство
_2UDC
999 _c323947
_d323947